Sleep disorders

Detalles Bibliográficos
Autor Corporativo: Hindawi Publishing Corporation
Formato: Electrónico Revista
Lenguaje:inglés
Publicado: New York, NY : Hindawi Publishing Corporation
Materias:
Acceso en línea:Full text available from Research Library: 01/01/2012 to present

MARC

LEADER 00000nas a2200000 a 4500
001 ssj0000816994
003 WaSeSS
005 20200512172242.0
006 m d
007 cr n
008 110323c20119999nyuar p s 0 a0eng c
010 |a  2013243086 
016 7 |a 2619778-9  |2 DE-600 
016 7 |a 101600304  |2 DNLM 
016 7 |a 019044075  |2 Uk 
022 |a 2090-3553  |l 2090-3553  |y 2090-3545 
035 |a (WaSeSS)ssj0000816994 
040 |a HUA  |b eng  |e pn  |c HUA  |d HEBIS  |d OCLCQ  |d NLM  |d OCLCO  |d IUL  |d OCLCF  |d CUS  |d OCLCQ  |d DLC  |d OCLCQ  |d OCLCO  |d OCLCA  |d AU@  |d OCLCA  |d UKMGB  |d WaSeSS 
042 |a pcc 
050 0 0 |a RC547 
060 1 0 |a W1 
082 0 4 |a 616.8498  |b S63 D6 
222 0 |a Sleep Disorders  |b (Online) 
245 0 0 |a Sleep disorders  |h [electronic resource]. 
260 |a New York, NY :  |b Hindawi Publishing Corporation 
310 |a Annual 
362 1 |a Began with vol. 2011. 
506 |a License restrictions may limit access. 
515 |a Articles added as received to annual volume in progress. 
588 |a Description based on: Vol. 2011; title from journal home page (viewed Feb. 23, 2011). 
588 |a Latest issue consulted: Vol. 2016) (viewed Apr. 20, 2016). 
650 0 |a Sleep disorders  |v Periodicals. 
650 1 2 |a Sleep Wake Disorders. 
650 7 |a Sleep disorders.  |2 fast  |0 (OCoLC)fst01120844 
655 0 |a Electronic journals. 
710 2 |a Hindawi Publishing Corporation. 
776 0 8 |i Print version:  |t Sleep disorders  |x 2090-3545 
850 |a DLC 
856 4 0 |z Full text available from Research Library: 01/01/2012 to present  |u https://search.proquest.com/publication/1136358